| 000 | 01009nam a22002657a 4500 | ||
|---|---|---|---|
| 001 | 1513 | ||
| 005 | 20231002085325.0 | ||
| 020 | _a9789924341185 | ||
| 040 |
_aFISKH _beng _cFISKH _dFISKH |
||
| 082 | _a959.6 | ||
| 100 | _aVichheka, Khuon | ||
| 245 |
_aLes khmers / _bde 1953 à nos jours _crédigé par Khuon Vichheka |
||
| 260 |
_aPhnom Penh : _bSipar, _c2021. |
||
| 300 |
_a44 pages : _bmaps ; color illustrations ; _c20 cm |
||
| 490 |
_aJe voudrais savoir _vVolume 3 |
||
| 505 | _aZ' | ||
| 520 | _aWritten in French, The Khmers Part 3, from 1953 – present describes significant historical events 1953 until the 20th century including politics, communism, civil wars, rebuild after war and the first election. | ||
| 521 |
_a1000
_bLexile estimate |
||
| 521 |
_aZ'
_bRaz-Plus |
||
| 650 |
_aPresent _vPolitics _xElection _yCommunist |
||
| 700 |
_aVisoth, Seng _cillustrator |
||
| 700 |
_aLapros, Lak _cillustrator |
||
| 700 |
_aHugues, Piolet _cillustrator |
||
| 942 |
_2ddc _cBK _n0 |
||
| 999 |
_c1513 _d1513 |
||